000 00486nam a2200193Ia 4500
005 20250326142806.0
008 250326s9999 xx 000 0 und d
037 _aTextbook
040 _aFMSL
_beng
_cFMSL
041 _aeng
_2eng
084 _qFMSL
100 _aStern L W
_9744060
245 0 _aMarketing channels
_cStern L W; Ansary A I E
250 _aEd 2
260 _aPrentice-Hall
_bPrentice-Hall
_c1982
300 _a618p
942 _cTB
999 _c1296655
_d1296655